Where Is It Located? #1 - Statistics

General Stats
  • This quiz has been taken 59 times
  • The average score is 13 of 15
Answer Stats
Thing Place Answer % Correct
Statue of Liberty City New York City
100%
Texas Country United States
96%
Great Wall of China Continent Asia
93%
Eiffel Tower City Paris
93%
Chile Continent South America
93%
Istanbul Country Turkey
93%
Great Pyramids of Giza Continent Africa
91%
Ottawa Country Canada
89%
Mount Fuji Country Japan
88%
Christ the Redeemer Statue City Rio de Janeiro
84%
Manila Country Philippines
81%
Sacramento Subdivision California
77%
Astana Country Kazakhstan
74%
Stonehenge Subdivision England
67%
Sydney Subdivision New South Wales
67%
No matching quizzes found
Score Distribution
Percent of People with Each Score
Percentile by Number Answered
Your Score History
You have not taken this quiz